Características estructurales del crecimiento industrial argentino (Registro nro. 16060)

Detalles MARC
000 -LEADER
fixed length control field 00355 a2200109 4500
001 - CONTROL NUMBER
control field ART_2913
005 - DATE AND TIME OF LATEST TRANSACTION
control field 20260410161711.0
008 - FIXED-LENGTH DATA ELEMENTS--GENERAL INFORMATION
fixed length control field 260409a
100 1# - MAIN ENTRY--PERSONAL NAME
Personal name Katz, Jorge M.
245 10 - TITLE STATEMENT
Title Características estructurales del crecimiento industrial argentino
773 0# - HOST ITEM ENTRY
Title Desarrollo económico
Related parts - Vol. 7, Nº 26 (jul./sep. 1967)
Record control number REV1174

No hay ítems disponibles.